| 000 | 00563nam a22001817a 4500 | ||
|---|---|---|---|
| 003 | 0 | ||
| 005 | 20231120080755.0 | ||
| 008 | 231120b xxu||||| |||| 00| 0 eng d | ||
| 020 | _a978-621-478-002-0 | ||
| 050 |
_aHC 79 _b.V59 2022 |
||
| 100 | _aVizconde, Angelie Marie L. | ||
| 245 |
_aEnvironmental conservation in tourism _cAngelie Marie L. Vizconde |
||
| 260 |
_aManila _bEDRIC Publishing House _c25 cm. |
||
| 300 |
_a89 pages ; _c25 cm. |
||
| 504 | _aIncludes bibliographical references. | ||
| 650 | _aEnvironmental conservation. | ||
| 942 |
_2lcc _cBK |
||
| 999 |
_c365643 _d365643 |
||